000 00388 a2200121 4500
001 ART_43480
005 20260410162024.0
008 260409a
245 1 0 _aUndrestanding international differences in the gender pay gap
100 1 _aBlau, Francine D.
700 1 _aKahn, Lawrence M.
773 0 _tJournal of labor economics
_g- Vol. 21, NÂș 1 (ene. 2003)
_wREV43438
999 _c33400
_d33400